|
|
|
|
| LEADER |
00831nam a2200241 i 4500 |
| 001 |
c000329842 |
| 003 |
CARM |
| 005 |
00000000000000.0 |
| 008 |
770316s1976 onc 00010 eng d |
| 015 |
|
|
|a C760077126
|
| 019 |
1 |
|
|a 866063
|5 LACONCORD2021
|
| 020 |
|
|
|a 077104710X :
|c $8.95
|
| 035 |
|
|
|a (OCoLC)2874160
|5 LACONCORD2021
|
| 040 |
|
|
|a CaOONL
|b eng
|c CaOONL
|
| 055 |
0 |
2 |
|a PS8523*
|
| 100 |
1 |
|
|a Laurence, Margaret,
|d 1926-
|
| 245 |
1 |
0 |
|a Heart of a stranger /
|c Margaret Laurence.
|
| 260 |
|
|
|a Toronto :
|b McClelland and Stewart,
|c c1976.
|
| 300 |
|
|
|a 221 p. ;
|c 23 cm.
|
| 852 |
8 |
|
|b CARM
|h A1:AL35B0
|i B10374
|p 0465543
|f BK
|
| 082 |
0 |
4 |
|a C814/.5/4
|
| 999 |
f |
f |
|i aaff505a-226f-588f-ae08-4174b9c2fc26
|s 2070077e-82eb-5417-a8cc-19f4bd4ebb26
|
| 952 |
f |
f |
|p Can circulate
|a CAVAL
|b CAVAL
|c CAVAL
|d CARM 1 Store
|e B10374
|f A1:AL35B0
|h Other scheme
|i book
|m 0465543
|